The fall of the French monarchy 1787-1792
Αποθηκεύτηκε σε:
| Κύριος συγγραφέας: | |
|---|---|
| Άλλοι συγγραφείς: | |
| Μορφή: | Βιβλίο |
| Γλώσσα: | English French |
| Δημοσίευση: |
Cambridge :
Cambridge University Press,
c1984.
|
| Σειρά: | French Revolution ;
1 |
| Θέματα: | |
| Ετικέτες: |
Προσθήκη ετικέτας
Δεν υπάρχουν, Καταχωρήστε ετικέτα πρώτοι!
|
MARC
| LEADER | 00000cam a2200000 i 4500 | ||
|---|---|---|---|
| 001 | 1/15791 | ||
| 008 | 980714s1984 enk| ||| |||| ||eng|| | ||
| 020 | |a 0521289165 | ||
| 035 | |l 10019965 | ||
| 040 | |a GR-MyUA |b gre |e AACR2 | ||
| 041 | 1 | |a eng |h fre | |
| 082 | 0 | |a 944.035 | |
| 100 | 1 | |a Vovelle, Michel. | |
| 245 | 1 | 4 | |a The fall of the French monarchy 1787-1792 / |c Michel Vovelle ; translated by Susan Burke. |
| 260 | |a Cambridge : |b Cambridge University Press, |c c1984. | ||
| 300 | |a 247 σ. : |b εικ. ; | ||
| 490 | 1 | |a (French Revolution |v ; 1) | |
| 500 | |a Τίτλος πρωτοτύπου: La chute de la monarchie 1787-1792. | ||
| 504 | |a Περιέχει βιβλιογραφικές αναφορές και ευρετήριο. | ||
| 651 | 0 | |a France |x History |y Revolution, 1789-1799 |x Causes. | |
| 651 | 0 | |a France |x History |y Revolution, 1789-1799. | |
| 700 | 1 | |a Burke, Susan, |e trlf | |
| 830 | 0 | |a French Revolution ; |v 1 | |
| 852 | |a INST |b LESVOS |e 19980714 |h 944.035 VOV |p 005100013789 |q 005100013789 |t BK |y 0 | ||
| 901 | |a BIBL-1998-2 | ||
| 909 | |a Λ |b 044933 | ||
| 922 | |a 1ΔΩΡ |b 199604 |c ΤΚΑ | ||